[Event "10th Petr Izmailov Mem"]
[Site "Tomsk RUS"]
[Date "2006.07.15"]
[Round "7"]
[White "Bologan,V"]
[Black "Rublevsky,S"]
[Result "1/2-1/2"]
[WhiteElo "2645"]
[BlackElo "2667"]
[EventDate "2006.07.11"]

1. d4 d5 2. c4 dxc4 3. e4 e5 4. Nf3 Bb4+ 5. Nc3 exd4 6. Nxd4 Ne7 7. Bxc4
Nbc6 8. Be3 O-O 9. Ndb5 Ba5 10. Qh5 Be6 11. Bxe6 fxe6 12. Rd1 Qe8 13. Qxe8
Raxe8 14. Ke2 Ne5 15. Na4 N7g6 16. a3 a6 17. Nd4 Nc4 18. Nb3 Bb6 19. Nxb6
cxb6 20. Rd7 Nge5 21. Rxb7 Ng4 22. h3 Ncxe3 23. hxg4 Nxg2 24. f3 Nf4+ 25.
Ke3 Rd8 26. Nd4 Ng2+ 27. Kf2 Rxd4 28. Kxg2 Rd2+ 29. Kg3 Rxb2 30. a4 Rb3 31.
Rf1 a5 32. Re7 Rf6 33. e5 Rg6 34. Re8+ Kf7 35. Rh8 Rg5 36. Rd1 Rxe5 37.
Rd7+ Kg6 38. Rg8 Ree3 39. Rgxg7+ Kf6 40. Rdf7+ Ke5 41. Rxh7 b5 42. axb5 a4
43. Rf8 a3 44. Ra7 Rxb5 45. g5 Rb1 46. Ra5+ Kd6 47. Kf2 Reb3 48. Rfa8 R3b2+
49. Kg3 Rg1+ 50. Kh3 a2 51. R8a6+ Ke7 52. f4 Rgg2 53. Ra7+ Kd6 54. R7a6+
Ke7 55. Ra7+ Kd6 56. R7a6+ 1/2-1/2